| 000 | 00958cam a22001814a 4500 | ||
|---|---|---|---|
| 005 | 20250605164222.0 | ||
| 008 | 250528s ||||||||||||||||||||||||d | ||
| 035 | _a20696 | ||
| 040 |
_aGR-AtMCL _bgre _dGR-AtMCL _eAACR2 |
||
| 245 | 1 | _aΗ Λίμπιντο | |
| 260 |
_bΕλεύθερος Τύπος, _c2011 |
||
| 300 | _a88 | ||
| 520 | _aΣτο βιβλίο αυτό ο συγγραφέας, με τον γνωστό, οξυδερκή και απαλλαγμένο από τους φόβους και τις επιφυλάξεις της συμβατικής σκέψης τρόπο του, προσεγγίζει το ζήτημα της γενετήσιας λίμπιντο και του ρόλου της τόσο στην γένεση των ψυχοσεξουαλικών διαταραχών όσο όσο και στην θεραπεία τους. | ||
| 700 | 1 |
_aΡάϊχ Βίλχελμ _96661 |
|
| 942 | _cBK | ||
| 999 |
_c5782 _d5782 |
||